Report on public relations to the Colorado State Medical Society (Record no. 38801)
[ view plain ]
| 000 -LEADER | |
|---|---|
| fixed length control field | 00709cam a22002171 4500 |
| 001 - CONTROL NUMBER | |
| control field | med47003541 |
| 003 - CONTROL NUMBER IDENTIFIER | |
| control field | DLC |
| 005 - DATE AND TIME OF LATEST TRANSACTION | |
| control field | 20260227111608.0 |
| 008 - FIXED-LENGTH DATA ELEMENTS--GENERAL INFORMATION | |
| fixed length control field | 810815s1947 xx 000 0 eng |
| 010 ## - LIBRARY OF CONGRESS CONTROL NUMBER | |
| LC control number | med47003541 |
| 035 ## - SYSTEM CONTROL NUMBER | |
| System control number | (OCoLC)14733201 |
| 040 ## - CATALOGING SOURCE | |
| Original cataloging agency | DLC |
| Transcribing agency | DNLM |
| Modifying agency | DLC |
| 042 ## - AUTHENTICATION CODE | |
| Authentication code | premarc |
| 050 00 - LIBRARY OF CONGRESS CALL NUMBER | |
| Classification number | R727 |
| Item number | .R5 |
| 060 0# - NATIONAL LIBRARY OF MEDICINE CALL NUMBER | |
| Classification number | W 62 |
| Item number | R499r 1947 |
| 110 2# - MAIN ENTRY--CORPORATE NAME | |
| Corporate name or jurisdiction name as entry element | Raymond Rich Associates. |
| 245 10 - TITLE STATEMENT | |
| Title | Report on public relations to the Colorado State Medical Society |
| Remainder of title | Fully annotated, showing actions taken by the Board of Trustees of the Colorado State Medical Society upon each recommendation. |
| 260 ## - PUBLICATION, DISTRIBUTION, ETC. | |
| Place of publication, distribution, etc. | [Denver] |
| Date of publication, distribution, etc. | c1947. |
| 300 ## - PHYSICAL DESCRIPTION | |
| Extent | 19 p. |
| 710 2# - ADDED ENTRY--CORPORATE NAME | |
| Corporate name or jurisdiction name as entry element | Colorado State Medical Society. |
No items available.